Fisiología humana /
Guardado en:
| Autor Principal: | |
|---|---|
| Otros Autores: | |
| Formato: | Libro |
| Publicado: |
Argentina :
El Ateneo,
1971
|
| Edición: | 4a. ed. |
| Materias: | |
| Etiquetas: |
Agregar Etiqueta
Sin Etiquetas, Sea el primero en etiquetar este registro!
|
| LEADER | 00837nam a22002295a 4500 | ||
|---|---|---|---|
| 001 | CEM.cems003312 | ||
| 008 | 130507s1971##################000#0#####d | ||
| 005 | 20231108101026.0 | ||
| 245 | 1 | 0 | |a Fisiología humana / |c Bernardo A. Houssay |
| 250 | |a 4a. ed. | ||
| 260 | |a Argentina : |b El Ateneo, |c 1971 | ||
| 300 | |a 1318 p. | ||
| 505 | 0 | |a fecundación, gestación y parto; secreción mamaria.-FORMACION Y EXCRECION DE LA ORINA.-SISTEMA NERVIOSO: neurona; nervio; sinapsis; corteza cerebral; t lamo; cerebro; sueño; sentidos. | |
| 100 | 1 | |a Houssay, Bernardo A. | |
| 700 | 1 | |a Caldeyro Barcia, Roberto | |
| 082 | 0 | 4 | |a 612 |
| 653 | |a Anatomia | ||
| 653 | |a Fisiologia humana | ||
| 653 | |a Hombre-sentidos | ||
| 653 | |a Hombre-sistema nervioso | ||
| 653 | |a Hombre-sistema reproductor | ||
| 859 | |a CEMS |b BIB. CEMS - Agricultura |h 612 |i H816a4 |p A2618.74 |t Ej.1 | ||
